000
00297nam a2200121Ia 4500
008
190216s9999||||xx |||||||||||||| ||und||
100
_a
Abdul Al Ala Maududi
245
0
_a
Nirmanavum Samharavum
260
_b
Islamic Publishing House
_c
2001
300
_a
38
650
_a
Islam Matham
942
_c
BK
999
_c
22521
_d
22521